000 00471nam a2200169Ia 4500
008 090711s9999 xx 000 0 und d
082 _b234
100 _aअकोलकर प्रकाश
245 _aझोत
260 _bअनुभव प्रकाशन
_c1997
300 _a189
600 _aअकोलकर प्रकाश
630 _aझोत
700 _aअकोलकर प्रकाश
730 _aझोत
942 _cBOOK
999 _c324905
_d324905